000 01441cam a22004334i 4500
003 PE-LiUPU
005 20250731173445.0
008 150616s r 000 0 d
035 _a(Sirsi) a5867
040 _aPE-LiUPU
_bspa
_cPE-LiUPU
_erda
049 _aPRUA
082 0 4 _a270.6
_bW78
_221
100 1 _aWitthaus, Carlos,
_eautor.
245 1 0 _aObras de Martín Lutero.
_n7 /
_cCarlos Witthaus.
264 1 _aBuenos Aires :
_bPublicaciones El Escudo,
_c1977.
300 _a290 páginas ;
_c23 cm.
336 _atext
_2rdacontent
337 _aunmediated
_2rdamedia
338 _avolume
_2rdacarrier
490 0 _aClásicos de la Religión ;
_v7
505 0 _aLutero y la educación: la necesidad de crear y mantener escuelas cristianas.- Lutero y la Iglesia: derechos de una comunidad cristiana.- Administración de una caja comunitaria.- Los concilios y la iglesia.
526 _aSEG42
526 _aSEG41
526 _aSEG40
526 _aSEG39
526 _aP94
526 _aP87
526 _aP86
526 _aP85
526 _aP77
526 _aP76
526 _aP35
600 1 _aLutero, Martín
_vObras
910 _ajck
942 _2ddc
_cBK
949 _a270.6 W78 7
_wDEWEY
_c1
_i28875
_lCCODEBUL1
_mBUL
_p00.00
_r0
_sY
_tBOOK
_u19950919
_xTEOLOGIA
_zUNKNOWN
_0COMPRA
_o.STAFF. Colección General
999 _c56940
_d56940
980 _81
_gALBERTO SANCHEZ Responsable de Automatización